Eintracht Frankfurt players (2000-2010) - Statistics

General Stats
  • This quiz has been taken 3 times
  • The average score is 10 of 120
Answer Stats
Rank Player Positions Nationality Matches Goals (assists) Period % Correct
4 Alexander Meier CF 160 39 (28) 2004-2010
100%
16 Du-ri Cha RB 87 12 (12) 2003-2006
100%
10 Ioannis Amanatidis ST 121 42 (11) 2003-2004, 2005-2010
100%
1 Oka Nikolov GK 200 0 (1) 2000-2010
100%
2 Patrick Ochs RB 173 3 (28) 2004-2010
100%
70 Sebastian Jung RB 20 1 (0) 2008-2010
67%
15 Aleksandar Vasoski CB 87 3 (2) 2004-2010
33%
7 Alexander Schur DM 130 12 (11) 2000-2006
33%
26 Caio AM 53 7 (2) 2007-2010
33%
5 Chris CB 138 9 (8) 2003-2010
33%
8 Christoph Spycher LB 129 0 (3) 2005-2010
33%
80 Halil Altıntop AM 15 3 (2) 2009-2010
33%
98 Jan Zimmermann GK 5 0 (0) 2005-2007, 2008-2010
33%
30 Jens Keller CB 50 3 (1) 2002-2005
33%
18 Jermaine Jones DM 84 12 (11) 2000-2007
33%
13 Markus Pröll GK 93 0 (1) 2003-2009
33%
23 Martin Fenin ST 65 13 (13) 2007-2010
33%
51 Mehdi Mahdavikia RW 32 0 (2) 2007-2009
33%
64 Pirmin Schwegler DM 25 3 (3) 2009-2010
33%
49 Aarón Galindo CB 32 0 (0) 2007-2009
0%
12 Albert Streit RW 93 6 (22) 2000-2003, 2006-2008
0%
89 Alexander Huber RB 10 0 (1) 2004-2005, 2006-2007
0%
67 Alexander Kutschera CB 22 1 (0) 2000-2001
0%
94 Alexander Rosen DM 6 0 (0) 2000-2002
0%
112 Alexander Wulf LB 1 0 (0) 2008-2009
0%
87 Andreas Möller AM 11 0 (0) 2003-2004
0%
19 Andree Wiedener LB 76 1 (1) 2001-2006
0%
35 Arie van Lent ST 43 16 (6) 2004-2006
0%
105 Bachirou Salou ST 2 0 (0) 2000-2001
0%
76 Bakary Diakité CF 16 3 (0) 2002-2003
0%
25 Benjamin Huggel DM 53 1 (3) 2005-2007
0%
3 Benjamin Köhler LM 161 21 (19) 2004-2010
0%
113 Cenk Tosun ST 1 0 (0) 2009-2010
0%
34 Chen Yang ST 44 9 (11) 2000-2002
0%
77 Christian Lenze CM 16 2 (3) 2004-2005
0%
48 Christopher Reinhard LB 33 2 (6) 2004-2007
0%
9 Christoph Preuß DM 128 10 (8) 2000-2002, 2003-2004, 2005-2008, 2009-2010
0%
57 Daniyel Cimen CB 29 1 (2) 2002-2003, 2004-2007
0%
54 David Montero DM 30 3 (1) 2002-2004
0%
78 Dino Toppmöller ST 16 3 (1) 2002-2003
0%
33 Dirk Heinen GK 45 0 (0) 2000-2002
0%
99 Dominik Stroh-Engel ST 3 0 (0) 2005-2006
0%
106 Erol Bulut LB 2 0 (0) 2000-2001
0%
14 Ervin Skela AM 92 26 (19) 2001-2004
0%
60 Faton Toski AM 27 3 (2) 2006-2009
0%
114 Franciel ST 1 0 (0) 2002-2003
0%
63 Francisco Copado CF 25 6 (7) 2005-2007
0%
28 Gerd Wimmer RB 51 1 (9) 2000-2002
0%
85 Geri Cipi CB 13 0 (0) 2003-2004
0%
107 Giovanni Speranza AM 2 0 (0) 2001-2002
0%
79 Giuseppe Gemiti LB 15 0 (1) 2000-2002
0%
68 Habib Bellaïd CB 22 0 (0) 2008-2009
0%
27 Henning Bürger LM 53 1 (10) 2002-2004
0%
47 Horst Heldt AM 34 5 (12) 2000-2001
0%
81 Ingo Hertzsch CB 15 1 (0) 2003-2004
0%
71 Jae-won Sim CB 19 0 (1) 2001-2002
0%
84 Jan Åge Fjørtoft ST 14 3 (1) 2000-2001
0%
37 Jean-Clotaire Tsoumou-Madza CB 42 3 (1) 2002-2004
0%
44 Jens Rasiejewski DF 36 2 (1) 2000-2002
0%
36 Junichi Inamoto DM 43 0 (1) 2007-2009
0%
82 Jurica Puljiz CB 15 1 (0) 2003-2004
0%
90 Juvhel Tsoumou ST 10 1 (0) 2008-2010
0%
40 Karel Rada CB 38 0 (1) 2000-2002
0%
95 Kreso Ljubicic DM 6 0 (0) 2007-2009
0%
88 Lars Weißenfeldt RB 11 0 (0) 2002-2004
0%
96 Léonard Kweuke ST 6 0 (0) 2008-2009
0%
61 Maik Franz CB 27 6 (0) 2009-2010
0%
66 Marcel Heller RM 24 2 (0) 2006-2008, 2009-2010
0%
115 Marcel Titsch Rivero CM 1 0 (0) 2009-2010
0%
50 Marco Gebhardt LM 32 3 (5) 2000-2002
0%
6 Marco Russ CB 131 12 (3) 2004-2010
0%
116 Marcos Álvarez ST 1 0 (0) 2009-2010
0%
42 Marko Rehmer RB 37 2 (1) 2005-2007
0%
31 Markus Beierle ST 50 13 (5) 2002-2005
0%
74 Markus Husterer CB 17 0 (0) 2004-2005
0%
55 Markus Kreuz LM 30 1 (2) 2003-2004
0%
83 Markus Lösch DM 15 0 (1) 2000-2001
0%
43 Markus Steinhöfer RB 37 3 (11) 2008-2010
0%
21 Markus Weissenberger AM 69 4 (10) 2004-2008
0%
117 Martin Hess DF 1 0 (0) 2007-2008
0%
72 Mehmet Dragusha LM 19 1 (1) 2003-2005
0%
17 Michael Fink CB 87 8 (7) 2006-2009
0%
56 Michael Mutzel DM 30 0 (1) 2000-2002
0%
45 Michael Thurk ST 36 4 (2) 2006-2008
0%
97 Michael Wenczel CB 6 0 (0) 2001-2003
0%
92 Mounir Chaftar LB 9 0 (0) 2005-2008
0%
41 Naohiro Takahara ST 38 12 (1) 2006-2008
0%
108 Nascimento CB 2 0 (0) 2003-2004
0%
62 Nico Frommer ST 26 2 (3) 2003-2005
0%
32 Nikolaos Lyberopoulos ST 50 10 (3) 2008-2010
0%
93 Nikola Petković CB 8 0 (0) 2008-2010
0%
20 Pawel Kryszalowicz ST 71 25 (14) 2000-2003
0%
73 Petar Hubchev DF 18 0 (0) 2000-2001
0%
118 Peter Deißenberger CM 1 0 (0) 2000-2001
0%
86 Peter Németh CM 13 0 (0) 2001-2002
0%
100 Ralf Fährmann GK 3 0 (0) 2009-2010
0%
119 Ralf Schmitt ST 1 0 (0) 2000-2001
0%
101 Ricardo Clark CM 3 0 (0) 2009-2010
0%
22 Rolf-Christel Guié-Mien RW 66 14 (9) 2000-2003
0%
65 Sasa Ciric ST 25 11 (1) 2000-2002
0%
58 Selim Teber CM 29 1 (3) 2009-2010
0%
38 Serge Branco RB 42 3 (5) 2000-2003
0%
29 Sotiris Kyrgiakos CB 51 8 (0) 2006-2008
0%
24 Stefan Lexa RW 56 2 (9) 2003-2006
0%
109 Stefan Zinnow RM 2 0 (0) 2000-2001
0%
102 Stephen Famewo ST 3 1 (0) 2001-2002
0%
39 Sven Günther DM 39 0 (1) 2002-2004
0%
110 Sven Schmitt GK 2 0 (0) 2000-2001
0%
53 Thomas Reichenberger ST 31 6 (3) 2000-2002
0%
69 Thomas Sobotzik AM 22 2 (3) 2000-2001
0%
103 Tommy Berntsen CB 3 0 (0) 2000-2001
0%
59 Torben Hoffmann CB 29 4 (1) 2004-2005
0%
52 Torsten Kracht CB 32 1 (0) 2000-2001
0%
46 Ümit Korkmaz LW 35 3 (5) 2008-2010
0%
11 Uwe Bindewald CB 94 2 (1) 2000-2004
0%
91 Vangelis Mantzios ST 10 1 (1) 2007-2008
0%
111 Vivian CB 2 0 (0) 2002-2003
0%
104 Vladimir Maljkovic CB 3 0 (0) 2000-2001
0%
120 Yilmaz Bal (Örtülü) ST 1 0 (0) 2001-2002
0%
75 Zlatan Bajramovic DM 17 0 (0) 2008-2010
0%
No matching quizzes found
Score Distribution
Percent of People with Each Score
Percentile by Number Answered
Your Score History
You have not taken this quiz